000 00778nam a2200181Ia 4500
008 090630s9999 xx 000 0 und d
082 _b14972
100 _aडॉ. गाडगीळ वि. ल.
245 _aधातुकीय उष्मा गतिकी.
_cडॉ. गाडगीळ वि. ल.
260 _bमहाराष्ट्र विद्यापीठ ग्रंथनिर्मिती मंडळ - नागपूर.
_c1982
300 _a248
600 _aडॉ. गाडगीळ वि. ल.
630 _aधातुकीय उष्मा गतिकी.
655 _aइतर.
700 _aडॉ. गाडगीळ वि. ल.
730 _aधातुकीय उष्मा गतिकी.
942 _cBOOK
999 _c266828
_d266828